Nhận biết và tách các chất ra khỏi hỗn hợp

Những phản ứng đặc trưng, cách nhận biết, điều chế tinh thể và tách các chất ra khỏi hỗn hợp trong Hoá học vô cơ và Hoá học hữu cơ

Na minha lista:
Detalhes bibliográficos
Autor principal: Ngô, Ngọc An
Formato: Livro
Idioma:Undetermined
Publicado em: Hà Nội Giáo dục 2009
Assuntos:
Tags: Adicionar Tag
Sem tags, seja o primeiro a adicionar uma tag!
Thư viện lưu trữ: Trung tâm Học liệu Trường Đại học Cần Thơ
LEADER 00788nam a2200205Ia 4500
001 CTU_207645
008 210402s9999 xx 000 0 und d
020 |c 25000 
082 |a 546 
082 |b A105 
100 |a Ngô, Ngọc An 
245 0 |a Nhận biết và tách các chất ra khỏi hỗn hợp 
245 0 |c Ngô Ngọc An 
260 |a Hà Nội 
260 |b Giáo dục 
260 |c 2009 
520 |a Những phản ứng đặc trưng, cách nhận biết, điều chế tinh thể và tách các chất ra khỏi hỗn hợp trong Hoá học vô cơ và Hoá học hữu cơ 
650 |a Chemistry, inorganic,Chemistry, organic 
904 |i Tuyến 
980 |a Trung tâm Học liệu Trường Đại học Cần Thơ